Cơ lý thuyết
সংরক্ষণ করুন:
| প্রধান লেখক: | |
|---|---|
| বিন্যাস: | গ্রন্থ |
| ট্যাগগুলো: |
ট্যাগ যুক্ত করুন
কোনো ট্যাগ নেই, প্রথমজন হিসাবে ট্যাগ করুন!
|
| Thư viện lưu trữ: | Mạng thư viện Đại học Đà Nẵng |
|---|
| LEADER | 00576nam a2200205 4500 | ||
|---|---|---|---|
| 001 | 000008271 | ||
| 003 | 4457 | ||
| 005 | 20150812140822.0 | ||
| 008 | 111014s sd | ||
| 100 | 0 | |a GALUBÊVA.O.V | |
| 245 | 0 | 0 | |a Cơ lý thuyết |c GALUBÊVA.O.V |
| 774 | |a Galubêva.O.V |b In lần 2 |d Giaó dục |d H. |d 1978 |g tập 2 |h 217tr. |t Cơ lý thuyết |w 4464 | ||
| OWN | |a LSP | ||
| 999 | |a From the UDN01 | ||
| TYP | |a Monograph | ||
| TYP | |a Printed language | ||
| 980 | |a Mạng thư viện Đại học Đà Nẵng | ||